|
|
|
|
| LEADER |
00000naa2a2200000 4500 |
| 001 |
157714 |
| 005 |
20231227124935.0 |
| 035 |
|
|
|a (RuTPU)RU\TPU\book\171072
|
| 090 |
|
|
|a 157714
|
| 100 |
|
|
|a 20090413d2008 k y0rusy50 ca
|
| 101 |
0 |
|
|a rus
|
| 102 |
|
|
|a RU
|
| 200 |
1 |
|
|a Сфероидизация легкоплавкой фазы в свинцовистых бронзах
|f Н. В. Мартюшев, Ю. П. Егоров
|
| 320 |
|
|
|a Библиогр.: 8 назв.
|
| 463 |
|
0 |
|0 (RuTPU)RU\TPU\book\164780
|t Современные проблемы машиностроения
|o труды IV Международной научно-технической конференции, 26-28 ноября 2008 г., Томск
|f Томский политехнический университет (ТПУ)
|v С. 101-105
|d 2008
|p 666 с.
|
| 610 |
1 |
|
|a бронза
|
| 610 |
1 |
|
|a свинцовистая бронза
|
| 610 |
1 |
|
|a свинцово-оловяннистые бронзы
|
| 610 |
1 |
|
|a износостойкость
|
| 610 |
1 |
|
|a свинец
|
| 610 |
1 |
|
|a сфероидизация
|
| 610 |
1 |
|
|a легкоплавкие фазы
|
| 610 |
1 |
|
|a охлаждение
|
| 610 |
1 |
|
|a труды учёных ТПУ
|
| 700 |
|
1 |
|a Мартюшев
|b Н. В.
|c специалист в области материаловедения
|c доцент Томского политехнического университета, кандидат технических наук
|f 1981-
|g Никита Владимирович
|3 (RuTPU)RU\TPU\pers\26537
|9 12231
|
| 701 |
|
1 |
|a Егоров
|b Ю. П.
|c специалист в области машиностроения
|c заведующий лабораторией Томского политехнического университета, кандидат технических наук
|f 1948-
|g Юрий Петрович
|3 (RuTPU)RU\TPU\pers\26535
|9 12229
|
| 801 |
|
1 |
|a RU
|b 63413507
|c 20090413
|g PSBO
|
| 801 |
|
2 |
|a RU
|b 63413507
|c 20180305
|g RCR
|
| 942 |
|
|
|c BK
|